Lumière sur l'Ardèche - Statistiques

Statistiques générales
  • Ce quiz a été pris 30 fois
  • Le résultat moyen est 5 sur 9
Statistiques - réponses
Hint Réponse % Correct
Quelle est la préfecture du département de l'Ardèche ? Privas
100%
Quelle rivière a creusé les célèbres gorges touristiques du département ? Ardèche
92%
Quel célèbre pont naturel en arc se trouve près de Vallon-Pont-d’Arc ? Pont d'Arc
68%
Quelle activité nautique est très pratiquée dans les gorges de l’Ardèche ? Canoë-Kayak
52%
Quelle commune ardéchoise est réputée pour ses marrons glacés ? Aubenas
48%
Dans quelle grotte ornée de peintures rupestres, classée à l’UNESCO, a-t-on trouvé des œuvres datant de -36 000 ans ? Grotte Chauvet
40%
Quel massif montagneux occupe le sud-est de l’Ardèche ? Cévennes
36%
Quel écrivain d’origine ardéchoise a publié Le Grand Meaulnes ? Alain Fournier
24%
Quel volcanisme ancien a façonné le paysage du plateau ardéchois ? Basalte
0%
Aucun quiz correspondant
Distribution des résultats
% des personnes avec chaque résultat
Percentile par nombre de réponses
Votre historique - résultats
Vous n’avez pas pris ce quiz